ARRUPE JESUIT UNIVERSITY

CORONAVIRUS -STOP THE SPREAD - CLEAN,DISINFECT,COVER

The divine image : (Record no. 124354)

MARC details
000 -LEADER
fixed length control field 02106cam a2200337 a 4500
001 - CONTROL NUMBER
control field 5490988
003 - CONTROL NUMBER IDENTIFIER
control field ARRUPE
005 - DATE AND TIME OF LATEST TRANSACTION
control field 20160330111653.0
008 - FIXED-LENGTH DATA ELEMENTS--GENERAL INFORMATION
fixed length control field 050819s2005 mnu b 001 0 eng
010 ## - LIBRARY OF CONGRESS CONTROL NUMBER
LC control number 2005024277
015 ## - NATIONAL BIBLIOGRAPHY NUMBER
National bibliography number GBA575566
Source bnb
016 7# - NATIONAL BIBLIOGRAPHIC AGENCY CONTROL NUMBER
Record control number 013287861
Source Uk
020 ## - INTERNATIONAL STANDARD BOOK NUMBER
International Standard Book Number 0800637623 (alk. paper)
035 ## - SYSTEM CONTROL NUMBER
System control number (OCoLC)OCM61453905
035 ## - SYSTEM CONTROL NUMBER
System control number (NNC)5490988
040 ## - CATALOGING SOURCE
Original cataloging agency DLC
Transcribing agency DLC
Modifying agency UKM
-- BAKER
-- C#P
-- OrLoB-B
050 00 - LIBRARY OF CONGRESS CALL NUMBER
Classification number BT103
Item number .M34 2005
082 00 - DEWEY DECIMAL CLASSIFICATION NUMBER
Classification number 233/.5
Edition number 22
300 ## - PHYSICAL DESCRIPTION
Dimensions 23 cm.
100 1# - MAIN ENTRY--PERSONAL NAME
Personal name McFarland, Ian A.
Fuller form of name (Ian Alexander),
Dates associated with a name 1963-
9 (RLIN) 22876
245 14 - TITLE STATEMENT
Title The divine image :
Remainder of title envisioning the invisible God /
Statement of responsibility, etc Ian A. McFarland.
260 ## - PUBLICATION, DISTRIBUTION, ETC. (IMPRINT)
Place of publication, distribution, etc Minneapolis :
Name of publisher, distributor, etc Fortress Press,
Date of publication, distribution, etc c2005.
300 ## - PHYSICAL DESCRIPTION
Extent ix, 214 p. ;
504 ## - BIBLIOGRAPHY, ETC. NOTE
Bibliography, etc Includes bibliographical references (p. 169-209) and index.
505 00 - FORMATTED CONTENTS NOTE
Miscellaneous information 1.
Title The image of God as a theological problem --
Miscellaneous information 2.
Title The ambiguity of images --
Miscellaneous information 3.
Title The image of God in Christ --
Miscellaneous information 4.
Title The image of God in human beings : developing protocols of discernment --
Miscellaneous information 5.
Title Discernment as communal discipline : the protocols of service --
Miscellaneous information 6.
Title Discernment as personal discipline : the protocols of chastity --
Miscellaneous information 7.
Title Discernment in ecclesial formation : the sacraments as protocols --
Miscellaneous information 8.
Title Seeing the divine image.
520 1# - SUMMARY, ETC.
Summary, etc "Theologian Ian McFarland claims that Christians have mainly misappropriated the "image of God" language for 2,000 years and thereby missed a vital resource for our knowledge of God." "Rather than referring to some germinal divine element in humans, such as reason, McFarland claims that the image of God in us tells us something about God's characteristics and how we know them. It tells us that God, though not identical with us, communicates God's own self to us in creative love. This communication offers precious clues about God's transcendence, immanence, triune life, self-disclosure, incarnation, and intentions for human life."--BOOK JACKET.
650 #0 - SUBJECT ADDED ENTRY--TOPICAL TERM
Topical term or geographic name as entry element Image of God.
9 (RLIN) 1868
900 ## - EQUIVALENCE OR CROSS-REFERENCE-PERSONAL NAME [LOCAL, CANADA]
Numeration TOC
942 ## - ADDED ENTRY ELEMENTS (KOHA)
Source of classification or shelving scheme Library of Congress Classification
Koha item type Monograph ( Printed materials)
948 1# - LOCAL PROCESSING INFORMATION (OCLC); SERIES PART DESIGNATOR (RLIN)
Series part designator, SPT (RLIN) 20060106
b (OCLC) c
c (OCLC) dc21
d (OCLC) MPS
948 2# - LOCAL PROCESSING INFORMATION (OCLC); SERIES PART DESIGNATOR (RLIN)
Series part designator, SPT (RLIN) 20060119
b (OCLC) a
c (OCLC) jeb52
d (OCLC) MPS
Holdings
Withdrawn status Lost status Source of classification or shelving scheme Damaged status Not for loan Collection code Home library Current library Shelving location Date acquired Total Checkouts Full call number Barcode Date last seen Date checked out Price effective from Koha item type
    Library of Congress Classification     Main Collection ARRUPE LIBRARY ARRUPE LIBRARY Main Collection 15/03/2016 2 BT103 .M34 2005 46500006671 27/04/2019 24/04/2019 15/03/2016 Monograph ( Printed materials)

 

Arrupe Library. PO Box MP320 Mt Pleasant, Harare, Zimbabwe
263 242 745411|librarian@aju.ac.zw